Неправое дело: роман; пер. с фр.

Bibliografske podrobnosti
Glavni avtor: Варгас Ф. Фред
Izvleček:Луи Кельвелер по прозвищу Немец, прирожденный сыщик, изгнанный из Министерства внутренних дел за то, что знал слишком много, находит под деревом подозрительную косточку. С этой находки — фаланги человеческого пальца, попавшей в Париж в желудке злобного питбуля, — начинается расследование, которое приводит Кельвелера в глухой уголок Бретани. Необычный след поможет Луи, движимому неукротимой жаждой справедливости, с помощью двух молодых историков — Марка Вандузлера и его друга Матиаса — найти жестокого убийцу, уверенного в своей неуязвимости.
Jezik:ruščina
Izdano: Москва, Иностранка, 2008
Serija:Лекарство от скуки
Teme:
Format: MixedMaterials Knjiga
KOHA link:https://koha.lib.tpu.ru/cgi-bin/koha/opac-detail.pl?biblionumber=236525

MARC

LEADER 00000nam0a2200000 4500
001 236525
005 20231101231458.0
010 |a 9785941454884 
035 |a (RuTPU)RU\TPU\book\257691 
035 |a RU\TPU\book\233719 
090 |a 236525 
100 |a 20130425d2008 m y0rusy50 ca 
101 1 |a rus  |c fre 
102 |a RU 
105 |a y z 000ay 
200 1 |a Неправое дело  |e роман  |e пер. с фр.  |f Ф. Варгас 
210 |a Москва  |c Иностранка  |d 2008 
215 |a 318 с. 
225 1 |a Лекарство от скуки 
330 |a Луи Кельвелер по прозвищу Немец, прирожденный сыщик, изгнанный из Министерства внутренних дел за то, что знал слишком много, находит под деревом подозрительную косточку. С этой находки — фаланги человеческого пальца, попавшей в Париж в желудке злобного питбуля, — начинается расследование, которое приводит Кельвелера в глухой уголок Бретани. Необычный след поможет Луи, движимому неукротимой жаждой справедливости, с помощью двух молодых историков — Марка Вандузлера и его друга Матиаса — найти жестокого убийцу, уверенного в своей неуязвимости. 
606 1 |a Французская литература  |x Произведения  |2 stltpush  |3 (RuTPU)RU\TPU\subj\64346  |9 81252 
610 1 |a детективы 
610 1 |a мистика 
610 1 |a романы 
675 |a 84  |v 3 
700 1 |a Варгас  |b Ф.  |g Фред 
801 1 |a RU  |b 63413507  |c 20120418 
801 2 |a RU  |b 63413507  |c 20130513  |g RCR 
942 |c BK